000 00613nam a22001577a 4500
003 OSt
005 20240528164002.0
008 240516b ||||| |||| 00| 0 eng d
040 _cAIMIT LIBRARY
100 _aRaghu, Abhishek.
_e2016003
_9164913
245 _aInfluence of human resource development programme on the job performance of employee with special reference to campco ltd. Mangalore /
_cBy Abhishek Raghu ; Guided by Beena Dias.
650 _ahuman resource development programme.
_9168292
650 _aJob performance of employee.
_9168293
700 _aDias, Beena.
_eGuide
_9164914
942 _2ddc
_cPRO
999 _c230814
_d230814